[Event "DMP - III LIGA SZACHOWA SENIOROW PK 2016"]
[Site "Czudec"]
[Date "2016.??.??"]
[Round "2.1"]
[White "Czajkowski, Ryszard"]
[Black "Dubas, Leszek"]
[Result "0-1"]
[WhiteElo "2076"]
[BlackElo "2130"]
[Annotator "Szachy"]
[PlyCount "74"]
[EventDate "2016.??.??"]

1. d4 {[%emt 0:00:00]} g6 2. c4 Bg7 3. Nc3 d6 4. e4 Nc6 5. d5 Nd4 6. Nf3 Bg4 7.
Be3 Nxf3+ 8. gxf3 Bd7 9. Qd2 c5 10. h4 a6 11. h5 Qa5 12. Be2 b5 13. hxg6 hxg6
14. Rxh8 Bxh8 15. cxb5 axb5 16. f4 Bg7 17. f3 Nf6 18. e5 Nh5 19. e6 fxe6 20.
dxe6 Bxe6 21. Bxb5+ Kf7 22. Bd3 Ng3 23. Qc2 Bxc3+ 24. bxc3 Nf5 25. Bd2 Qa3 26.
c4 Rh8 27. Kf2 Rh3 28. Qb3 Qa8 29. Bxf5 Bxf5 30. Rc1 Rh2+ 31. Ke3 Rh3 32. Rf1
Qe4+ 33. Kf2 Qd4+ 34. Be3 Qh8 35. Ke1 Qa1+ 36. Kd2 Rh2+ 37. Bf2 Qd4+ 0-1

[Event "DMP - III LIGA SZACHOWA SENIOROW PK 2016"]
[Site "Czudec"]
[Date "2016.??.??"]
[Round "2.2"]
[White "Augustyn, Sebastian"]
[Black "Czarnecki, Wojciech"]
[Result "1-0"]
[WhiteElo "2106"]
[BlackElo "2014"]
[Annotator "Szachy"]
[PlyCount "53"]
[EventDate "2016.??.??"]

1. e4 {[%emt 0:00:00]} c6 {[%emt 0:00:00]} 2. d4 d5 3. f3 e6 4. Nc3 Nd7 5. Be3
Ne7 6. Qd2 Qa5 7. a3 Ng6 8. h4 h5 9. Bd3 dxe4 10. Bxe4 f5 11. Bd3 Be7 12. Bg5
Nf6 13. Nge2 Bd7 14. Nf4 Nxf4 15. Bxf4 Qb6 16. Bc4 Qxb2 17. O-O Qb6 18. Rfe1
Nd5 19. Bxd5 cxd5 20. Nxd5 exd5 21. Bg5 Be6 22. Rxe6 Qxe6 23. Re1 Qc6 24. Rxe7+
Kf8 25. Qf4 Re8 26. Qxf5+ Kg8 27. Qf7+ 1-0

[Event "DMP - III LIGA SZACHOWA SENIOROW PK 2016"]
[Site "Czudec"]
[Date "2016.??.??"]
[Round "2.3"]
[White "Baniak, Lukasz"]
[Black "Handzel, Michal"]
[Result "0-1"]
[WhiteElo "1844"]
[BlackElo "1746"]
[Annotator "Szachy"]
[PlyCount "72"]
[EventDate "2016.??.??"]

1. d4 {[%emt 0:00:00]} d5 2. c4 Nc6 3. cxd5 Qxd5 4. e3 e5 5. Nc3 Bb4 6. Bd2
Bxc3 7. bxc3 Nf6 8. c4 Qd6 9. d5 Nb8 10. Qa4+ Qd7 11. Qc2 Na6 12. Bc3 Qe7 13.
Nf3 Nd7 14. Nd2 Nac5 15. Be2 O-O 16. O-O b6 17. Bg4 a5 18. Bxd7 Nxd7 19. Rae1
Ba6 20. f4 f6 21. Rf3 Rae8 22. Rh3 h6 23. Nf3 exf4 24. Nd4 Bxc4 25. Ne6 Rf7 26.
Nxc7 Rc8 27. Ne6 Bxd5 28. Nxf4 Bxa2 29. Qxa2 Rxc3 30. Nd5 Qc5 31. Nxc3 Qxc3 32.
Rd1 Ne5 33. Rd8+ Kh7 34. Qb1+ g6 35. Rd6 Nd3 36. Rxd3 Qe5 0-1

[Event "DMP - III LIGA SZACHOWA SENIOROW PK 2016"]
[Site "Czudec"]
[Date "2016.??.??"]
[Round "2.4"]
[White "Uryasz, Tomasz"]
[Black "Juszczuk, Grzegorz"]
[Result "1-0"]
[WhiteElo "1582"]
[BlackElo "1861"]
[Annotator "Szachy"]
[PlyCount "95"]
[EventDate "2016.??.??"]

1. e4 {[%emt 0:00:00]} c5 2. Nf3 g6 3. d4 Bg7 4. c3 cxd4 5. Nxd4 Nc6 6. Be2 Nf6
7. Bf3 O-O 8. O-O Ne5 9. Bg5 d6 10. Na3 a6 11. Nac2 Qc7 12. Ne3 Nc4 13. Nxc4
Qxc4 14. Re1 Qc7 15. Qd2 Bd7 16. Bh6 Rab8 17. h4 Rfc8 18. h5 Qc5 19. hxg6 hxg6
20. Rac1 Kh7 21. Bg5 b5 22. g3 Rh8 23. Kg2 Qc8 24. Rh1+ Kg8 25. Rxh8+ Kxh8 26.
Rh1+ Kg8 27. Qf4 a5 28. Qh4 b4 29. c4 a4 30. b3 a3 31. Ne2 Bc6 32. Nf4 Ra8 33.
Nd5 Bxd5 34. exd5 Qd8 35. Bh6 Qf8 36. Be3 Qd8 37. Bd4 Rb8 38. g4 e6 39. dxe6
fxe6 40. g5 Ne8 41. Bxg7 Nxg7 42. Be4 Qe8 43. Qh7+ Kf8 44. Bxg6 Qc6+ 45. Kg1
Qf3 46. Qh8+ Ke7 47. Qxg7+ Kd8 48. Rh8+ 1-0

[Event "DMP - III LIGA SZACHOWA SENIOROW PK 2016"]
[Site "Czudec"]
[Date "2016.??.??"]
[Round "2.5"]
[White "Nowicki, Andrzej"]
[Black "Tatarczany, Piotr"]
[Result "1-0"]
[WhiteElo "1845"]
[BlackElo "1548"]
[PlyCount "67"]
[EventDate "2016.??.??"]

1. e4 c5 2. Nc3 d6 3. g3 Nc6 4. Bg2 g6 5. d3 Bg7 6. Nge2 Nf6 7. O-O O-O 8. h3
Bd7 9. Be3 a6 10. Qd2 Rc8 11. f4 b5 12. g4 e6 13. Ng3 b4 14. Nd1 Qc7 15. g5 Ne8
16. c3 a5 17. h4 h5 18. gxh6 Bxh6 19. f5 Bxe3+ 20. Nxe3 Ne5 21. fxg6 Nxg6 22.
Ng4 e5 23. Nh6+ Kh7 24. Rxf7+ Rxf7 25. Nxf7 Nf4 26. Rf1 Ng7 27. Rxf4 exf4 28.
Qxf4 Kg8 29. Nh6+ Kh8 30. Nhf5 Bxf5 31. exf5 Qf7 32. Qh6+ Kg8 33. c4 Nxf5 34.
Nxf5 1-0

[Event "DMP - III LIGA SZACHOWA SENIOROW PK 2016"]
[Site "Czudec"]
[Date "2016.??.??"]
[Round "2.6"]
[White "Pedrak, Paulina"]
[Black "Burdzy, Joanna"]
[Result "0-1"]
[WhiteElo "1572"]
[BlackElo "1660"]
[Annotator "Szachy"]
[PlyCount "82"]
[EventDate "2016.??.??"]

1. e4 {[%emt 0:00:00]} e5 {[%emt 0:00:00]} 2. Nf3 {[%emt 0:00:00]} Nc6 3. Bb5
a6 4. Ba4 Nf6 5. O-O Be7 6. Re1 b5 7. Bb3 d6 8. h3 Na5 9. c3 Nxb3 10. Qxb3 Be6
11. Qc2 c5 12. d4 Qc7 13. a4 O-O 14. dxe5 dxe5 15. Be3 Rfb8 16. axb5 axb5 17.
Nbd2 h6 18. Nf1 Rxa1 19. Rxa1 b4 20. cxb4 Rxb4 21. N1d2 Bd6 22. Ne1 c4 23. Ra4
Qc6 24. Rxb4 Bxb4 25. Nef3 Qb5 26. Nb1 Qa5 27. Nfd2 Qa1 28. Kh2 Qa6 29. Nc3 Qc6
30. f3 Bc5 31. Bxc5 Qxc5 32. Qa4 Qf2 33. Nxc4 Nh5 34. Nd1 Qg3+ 35. Kg1 Nf4 36.
Nce3 Bxh3 37. Qc2 Qe1+ 38. Kh2 Ne2 39. b4 Qg3+ 40. Kh1 Bxg2+ 41. Nxg2 Qh3# 0-1

[Event "DMP - III LIGA SZACHOWA SENIOROW PK 2016"]
[Site "Czudec"]
[Date "2016.??.??"]
[Round "2.7"]
[White "Gierulski, Kamil"]
[Black "Zaskalski, Arkadiusz"]
[Result "1/2-1/2"]
[WhiteElo "2165"]
[BlackElo "2158"]
[Annotator "Szachy"]
[PlyCount "276"]
[EventDate "2016.??.??"]

1. e4 {[%emt 0:00:00]} c5 {[%emt 0:00:00]} 2. Nf3 Nc6 3. d4 cxd4 4. Nxd4 Nf6 5.
Nc3 g6 6. Be2 Bg7 7. O-O O-O 8. Be3 d5 9. exd5 Nb4 10. d6 Qxd6 11. Ncb5 Qd8 12.
c4 Bd7 13. Qb3 Nc6 14. Rfd1 Qa5 15. Bf3 Ne5 16. Bxb7 Rab8 17. Bf4 Rxb7 18. Bxe5
a6 19. Qf3 Rxb5 20. Bxf6 Bxf6 21. cxb5 axb5 22. Qb7 Bg4 23. Nc6 Qa8 24. Qxa8
Rxa8 25. Rd8+ Rxd8 26. Nxd8 Bf5 27. Rd1 Bxb2 28. Rd5 b4 29. Nc6 Be6 30. Rd8+
Kg7 31. Nxb4 Bc3 32. a3 h5 33. Nc6 Kf6 34. a4 Bc4 35. Nxe7 Kxe7 36. Rc8 Bb3 37.
Rxc3 Bxa4 38. Rc5 Bb3 39. Kf1 Kf6 40. Ke2 Be6 41. Ke3 Bb3 42. Kf4 Ba2 43. Rc6+
Kg7 44. Rd6 Bb3 45. Ke5 Ba2 46. f4 Bb1 47. Kd4 Bc2 48. Ke5 Kg8 49. Rd7 Bf5 50.
Ra7 Kg7 51. Kd6 Kf6 52. Kd5 Be6+ 53. Kd4 Bf5 54. Ra6+ Kg7 55. Ke5 Bd3 56. Rb6
Bf5 57. h3 Bc8 58. Rb1 Bf5 59. Rg1 h4 60. Ra1 Bd7 61. Rf1 Bf5 62. Rf2 Bc8 63.
f5 f6+ 64. Ke4 gxf5+ 65. Kf4 Kg6 66. Rb2 Be6 67. Rb8 Bd5 68. Ke3 Be4 69. Rh8
Bd5 70. Kf2 Kg5 71. Rd8 Be4 72. Rg8+ Kf4 73. Rg6 Bd5 74. Rxf6 Be4 75. Rg6 Bd5
76. g3+ hxg3+ 77. Rxg3 Ke5 78. h4 Bf7 79. Rg5 Kf4 80. Ke2 Bd5 81. Rg7 Bf3+ 82.
Kf2 Bg4 83. Rc7 Bf3 84. Rc3 Bg4 85. Rc4+ Ke5 86. Ke3 Kf6 87. Kf4 Kg6 88. Rc6+
Kh5 89. Rf6 Bh3 90. Rf8 Bg4 91. Rg8 Bh3 92. Rg5+ Kh6 93. Ke5 Bg4 94. Kf6 Bh3
95. Rg8 Kh7 96. Rg3 Bf1 97. Rf3 Be2 98. Rxf5 Kh6 99. Re5 Bd3 100. Re8 Kh7 101.
Kg5 Bc2 102. Re7+ Kh8 103. h5 Bb3 104. Kh6 Ba2 105. Rh7+ Kg8 106. Ra7 Bb1 107.
Ra8+ Kf7 108. Rb8 Bc2 109. Kg5 Kg7 110. Rc8 Bb1 111. Rc7+ Kg8 112. Kh6 Bd3 113.
Rc8+ Kf7 114. Rd8 Bc2 115. Kg5 Kg7 116. Rd7+ Kg8 117. Kh6 Bb1 118. Rd8+ Kf7
119. Rd1 Bc2 120. Rg1 Bd3 121. Rg6 Kf8 122. Rd6 Bb1 123. Kg5 Kg7 124. h6+ Kg8
125. Kf6 Kh7 126. Rd7+ Kg8 127. h7+ Kh8 128. Rd8+ Kxh7 129. Rd1 Bc2 130. Rg1
Bb3 131. Rb1 Bc4 132. Rh1+ Kg8 133. Kg6 Bd3+ 134. Kf6 Bc4 135. Rh4 Bb3 136.
Rg4+ Kh8 137. Rh4+ Kg8 138. Rh2 Bc4 1/2-1/2

[Event "DMP - III LIGA SZACHOWA SENIOROW PK 2016"]
[Site "Czudec"]
[Date "2016.??.??"]
[Round "2.8"]
[White "Kopacz, Grzegorz"]
[Black "Miasik, Adrian"]
[Result "1/2-1/2"]
[WhiteElo "2145"]
[BlackElo "1903"]
[Annotator "Szachy"]
[PlyCount "51"]
[EventDate "2016.??.??"]

1. c4 {[%emt 0:00:00]} e6 {[%emt 0:00:00]} 2. Nf3 d5 3. g3 c5 4. cxd5 exd5 5.
d4 Nc6 6. Bg2 Nf6 7. O-O h6 8. Nc3 a6 9. b3 Be7 10. Bb2 Be6 11. Rc1 O-O 12.
dxc5 Bxc5 13. Na4 Ba7 14. Nc5 Ne4 15. Nxe6 fxe6 16. e3 Qe7 17. Nd4 Ne5 18. f4
Nc6 19. Qe2 Nd6 20. Kh1 Nxd4 21. Bxd4 Bxd4 22. exd4 Qf6 23. Rfe1 Rfe8 24. Qd3
Qf5 25. Qd2 Rac8 26. h3 1/2-1/2

[Event "DMP - III LIGA SZACHOWA SENIOROW PK 2016"]
[Site "Czudec"]
[Date "2016.??.??"]
[Round "2.9"]
[White "Luka, Krzysztof"]
[Black "Kopacz, Lukasz"]
[Result "1/2-1/2"]
[WhiteElo "1876"]
[BlackElo "1937"]
[PlyCount "33"]
[EventDate "2016.??.??"]

1. d4 c5 2. d5 e5 3. e4 d6 4. c4 Be7 5. Bd3 Bg5 6. Nf3 Bxc1 7. Qxc1 Bg4 8. Qe3
Bxf3 9. Qxf3 Qf6 10. Qxf6 Nxf6 11. Nc3 a6 12. O-O O-O 13. h3 Nbd7 14. Rae1 b6
15. f4 exf4 16. Rxf4 Ne5 17. Be2 1/2-1/2

[Event "DMP - III LIGA SZACHOWA SENIOROW PK 2016"]
[Site "Czudec"]
[Date "2016.??.??"]
[Round "2.10"]
[White "Wilk, Tomasz"]
[Black "Babiarz, Mariusz"]
[Result "1-0"]
[WhiteElo "1843"]
[BlackElo "1888"]
[Annotator "Szachy"]
[PlyCount "77"]
[EventDate "2016.??.??"]

1. e4 {[%emt 0:00:00]} c5 {[%emt 0:00:00]} 2. Nc3 e6 3. f4 {[%emt 0:00:00]} a6
4. Nf3 {[%emt 0:00:00]} b5 {[%emt 0:00:00]} 5. d4 cxd4 6. Qxd4 Nc6 7. Qf2 Nf6
8. e5 b4 9. Na4 Nd5 10. Bc4 Qa5 11. b3 Rb8 12. O-O Nc3 13. Nxc3 bxc3 14. Be3
Ba3 15. f5 h6 16. Kh1 exf5 17. Nd4 Nxd4 18. Bxd4 O-O 19. Qxf5 d5 20. e6 fxe6
21. Qg6 Qc7 22. Bd3 Rf5 23. Bxf5 exf5 24. Rae1 Qf7 25. Qg3 Rb7 26. Bxc3 Bd7 27.
Qe5 Rb6 28. Rd1 Bd6 29. Qxd5 Be6 30. Qd4 Bc7 31. Rfe1 Rd6 32. Qe3 Rxd1 33. Rxd1
Bd5 34. Qd4 Bc6 35. Rd3 Qg6 36. Qxg7+ Qxg7 37. Bxg7 Kxg7 38. Rc3 Bxg2+ 39. Kxg2
1-0

[Event "DMP - III LIGA SZACHOWA SENIOROW PK 2016"]
[Site "Czudec"]
[Date "2016.??.??"]
[Round "2.11"]
[White "Babiarz, Arkadiusz"]
[Black "Zaskalski, Dawid"]
[Result "0-1"]
[WhiteElo "1656"]
[BlackElo "1911"]
[PlyCount "40"]
[EventDate "2016.??.??"]

1. e4 e5 2. Nf3 Nc6 3. Bb5 a6 4. Ba4 b5 5. Bb3 Nf6 6. Qe2 Be7 7. a4 b4 8. a5
O-O 9. d3 d6 10. h3 Be6 11. Nbd2 d5 12. O-O dxe4 13. Bxe6 exf3 14. Bxf7+ Rxf7
15. Nxf3 Nd4 16. Qxe5 Nxf3+ 17. gxf3 Bd6 18. Qg5 Nd5 19. Qg4 Qf6 20. Kg2 Raf8
0-1

[Event "DMP - III LIGA SZACHOWA SENIOROW PK 2016"]
[Site "Czudec"]
[Date "2016.??.??"]
[Round "2.12"]
[White "Godek, Martyna"]
[Black "Trybowska, Barbara"]
[Result "0-1"]
[WhiteElo "1435"]
[BlackElo "1668"]
[Annotator "Szachy"]
[PlyCount "96"]
[EventDate "2016.??.??"]

1. e4 {[%emt 0:00:00]} e5 2. Nf3 Nc6 3. Nc3 Bc5 4. Bc4 d6 5. h3 h6 6. d3 Nge7
7. Be3 Bb6 8. d4 Ng6 9. O-O O-O 10. Qd2 exd4 11. Nxd4 Nxd4 12. Bxd4 Bxd4 13.
Qxd4 Qg5 14. Kh1 Nf4 15. Rg1 Qh4 16. Qe3 Be6 17. Bd3 a6 18. Ne2 Nxe2 19. Bxe2
f5 20. exf5 Bxf5 21. Qb3+ Kh8 22. Rgf1 Be4 23. Kg1 Qg5 24. f3 Qc5+ 25. Kh1 Bxc2
26. Qc4 Qxc4 27. Bxc4 Rf4 28. b3 c6 29. Rac1 Bg6 30. Rfd1 d5 31. Bd3 Bxd3 32.
Rxd3 Re8 33. Rd2 Rf5 34. Kg1 Rfe5 35. Kf2 Kh7 36. Rcd1 Kg6 37. Rc1 Kf6 38. Rcd1
Ke6 39. Rd4 Kd6 40. R4d2 c5 41. f4 Rf8 42. g3 g5 43. Kf3 d4 44. Rf1 gxf4 45.
gxf4 Ref5 46. Ke4 Rh5 47. Rd3 Re8+ 48. Kf3 Rxh3+ 0-1

[Event "DMP - III LIGA SZACHOWA SENIOROW PK 2016"]
[Site "Czudec"]
[Date "2016.??.??"]
[Round "2.13"]
[White "Piekarski, Lukasz"]
[Black "Przybek, Tomasz"]
[Result "1/2-1/2"]
[WhiteElo "1971"]
[BlackElo "1987"]
[PlyCount "23"]
[EventDate "2016.??.??"]

1. e4 c5 2. c4 g6 3. g3 Nc6 4. Bg2 Bg7 5. Ne2 e6 6. Nbc3 Nge7 7. O-O d6 8. d3
O-O 9. Rb1 a6 10. a3 Rb8 11. b4 Nd4 12. Be3 1/2-1/2

[Event "DMP - III LIGA SZACHOWA SENIOROW PK 2016"]
[Site "Czudec"]
[Date "2016.??.??"]
[Round "2.14"]
[White "Mroczek, Jacek"]
[Black "Pasionek, Ariel"]
[Result "1-0"]
[WhiteElo "1923"]
[BlackElo "1959"]
[Annotator "Szachy"]
[PlyCount "45"]
[EventDate "2016.??.??"]

1. d4 {[%emt 0:00:00]} Nf6 {[%emt 0:00:00]} 2. c4 e5 3. dxe5 Ng4 4. e4 Nxe5 5.
f4 Nec6 6. Be3 Bb4+ 7. Nd2 Qe7 8. Bd3 d6 9. Ngf3 O-O 10. O-O Bg4 11. Qc2 Bxd2
12. Qxd2 Nd7 13. h3 Bxf3 14. gxf3 Nc5 15. Bc2 Qe6 16. b3 Qxh3 17. Rf2 Qe6 18.
Rh2 Nd7 19. Kh1 Rae8 20. f5 Qe5 21. Rg1 f6 22. Bd4 Qe7 23. Qh6 1-0

[Event "DMP - III LIGA SZACHOWA SENIOROW PK 2016"]
[Site "Czudec"]
[Date "2016.??.??"]
[Round "2.15"]
[White "Krynicki, Henryk"]
[Black "Mytych, Rafal"]
[Result "0-1"]
[WhiteElo "1758"]
[BlackElo "1768"]
[Annotator "Szachy"]
[PlyCount "81"]
[EventDate "2016.??.??"]

1. e4 {[%emt 0:00:00]} c5 2. Nf3 e6 3. d4 cxd4 4. Nxd4 a6 5. Bd3 Qc7 6. O-O Nf6
7. Qe2 d6 8. c4 Nc6 9. Nxc6 bxc6 10. Nc3 Be7 11. Bf4 e5 12. Bg3 h5 13. h4 Rb8
14. Rac1 Nd7 15. Na4 c5 16. Nc3 Bb7 17. f4 g6 18. b3 Bf6 19. Nd5 Bxd5 20. cxd5
exf4 21. Bxf4 Bxh4 22. Bxa6 g5 23. Be3 Ne5 24. Bb5+ Kf8 25. b4 Qb7 26. a4 cxb4
27. Rf5 Qe7 28. Qd2 g4 29. Qxb4 Rh7 30. Qc3 Kg7 31. Bf4 Bf6 32. Qc7 Nf3+ 33.
gxf3 Bd4+ 34. Kf1 Rb7 35. Qc4 Bb2 36. Rc2 Qh4 37. Rxb2 Qh1+ 38. Kf2 Qh2+ 39.
Ke3 Qxb2 40. Rg5+ Kh6 41. Rf5+ 0-1

[Event "DMP - III LIGA SZACHOWA SENIOROW PK 2016"]
[Site "Czudec"]
[Date "2016.??.??"]
[Round "2.16"]
[White "Lusio, Daniel"]
[Black "Chmielowski, Dominik"]
[Result "1-0"]
[WhiteElo "1877"]
[BlackElo "1595"]
[Annotator "Szachy"]
[PlyCount "81"]
[EventDate "2016.??.??"]

1. e4 {[%emt 0:00:00]} c6 2. d4 d5 3. exd5 cxd5 4. c4 e6 5. Nc3 Nf6 6. Nf3 Nc6
7. c5 a6 8. a3 g6 9. Bd3 Bg7 10. O-O O-O 11. Re1 Nd7 12. Be2 Re8 13. Rb1 Na5
14. Bd3 Nc6 15. Bf1 Ne7 16. Bg5 h6 17. Bh4 g5 18. Bg3 Nf5 19. h3 Nxg3 20. fxg3
Qc7 21. g4 b6 22. Nxd5 Qb7 23. Nxb6 Nxb6 24. cxb6 Qxb6 25. Kh1 Bb7 26. Bd3 Bxf3
27. Qxf3 Qxd4 28. Rf1 Rf8 29. b4 a5 30. b5 Rab8 31. Rfd1 Qc3 32. Qe4 f5 33.
Qxe6+ Kh8 34. Bxf5 Qf6 35. Qxf6 Rxf6 36. a4 Rff8 37. Rd7 Rfd8 38. Rbd1 Rxd7 39.
Rxd7 Kg8 40. g3 Rb6 41. h4 1-0

[Event "DMP - III LIGA SZACHOWA SENIOROW PK 2016"]
[Site "Czudec"]
[Date "2016.??.??"]
[Round "2.17"]
[White "Pejski, Adam"]
[Black "Klis, Michal"]
[Result "0-1"]
[WhiteElo "1399"]
[BlackElo "1654"]
[Annotator "Szachy"]
[PlyCount "93"]
[EventDate "2016.??.??"]

1. e4 {[%emt 0:00:00]} c5 2. Nc3 Nc6 3. f4 e6 4. Nf3 d6 5. Bb5 Bd7 6. Bxc6 Bxc6
7. d3 g6 8. O-O Bg7 9. Qe1 Ne7 10. e5 Bxf3 11. Rxf3 dxe5 12. fxe5 Qd4+ 13. Rf2
Qxe5 14. Bf4 Qxe1+ 15. Rxe1 Bxc3 16. bxc3 Nc6 17. Bd6 b6 18. Ref1 f5 19. g4 Kd7
20. Bg3 Rhf8 21. a4 Rac8 22. gxf5 exf5 23. h4 Rfe8 24. h5 Re6 25. Bh4 Rce8 26.
h6 Ne5 27. Rg2 Kc6 28. d4 Nc4 29. Bg5 Ne3 30. Bxe3 Rxe3 31. dxc5 Kxc5 32. Rd1
R8e7 33. Rd8 Re1+ 34. Kh2 R1e2 35. Rxe2 Rxe2+ 36. Kg3 Re7 37. Kf4 Kc6 38. Kg5
Rf7 39. Rh8 f4 40. Rc8+ Kd7 41. Rc4 f3 42. Rd4+ Ke6 43. Rd1 f2 44. Rf1 Ke5 45.
Kg4 Ke4 46. c4 Ke3 47. Kg3 0-1

[Event "DMP - III LIGA SZACHOWA SENIOROW PK 2016"]
[Site "Czudec"]
[Date "2016.??.??"]
[Round "2.18"]
[White "Starzec, Klaudia"]
[Black "Michalska, Marta"]
[Result "1/2-1/2"]
[WhiteElo "1275"]
[BlackElo "1570"]
[Annotator "Szachy"]
[PlyCount "43"]
[EventDate "2016.??.??"]

1. d4 {[%emt 0:00:00]} Nf6 {[%emt 0:00:00]} 2. e3 g6 3. Bd3 Bg7 4. Nd2 O-O 5.
f4 d6 6. Ngf3 c5 7. c3 a6 8. O-O b5 9. Be2 Bf5 10. Ne1 Qc8 11. Bf3 Ra7 12. h3
h5 13. e4 Bd7 14. Nc2 Bh6 15. Nb1 Nc6 16. Be3 cxd4 17. cxd4 Na5 18. Nca3 Nc4
19. Nxc4 Qxc4 20. Na3 Qb4 21. Qd2 Qxd2 22. Bxd2 1/2-1/2

[Event "DMP - III LIGA SZACHOWA SENIOROW PK 2016"]
[Site "Czudec"]
[Date "2016.??.??"]
[Round "2.19"]
[White "Lewtak, Damian"]
[Black "Rawicz, Karol"]
[Result "1-0"]
[WhiteElo "2323"]
[BlackElo "2228"]
[Annotator "Szachy"]
[PlyCount "125"]
[EventDate "2016.??.??"]

1. Nf3 {[%emt 0:00:00]} c5 2. e4 Nc6 3. Bb5 g6 4. O-O Bg7 5. c3 Nf6 6. Qe2 O-O
7. d4 d5 8. e5 Ne4 9. Nbd2 Nxd2 10. Bxd2 cxd4 11. cxd4 Qb6 12. Be3 Bg4 13. Bxc6
Qxc6 14. Rfc1 Qd7 15. h3 Bxf3 16. Qxf3 Rac8 17. Bf4 a6 18. Kh2 f6 19. Qe3 fxe5
20. Bxe5 Bxe5+ 21. Qxe5 Rxc1 22. Rxc1 Rxf2 23. Rc7 Qd6 24. Qxd6 exd6 25. Rxb7
Rd2 26. a4 Rxd4 27. a5 Ra4 28. b4 d4 29. Kg3 d3 30. Kf3 d2 31. Ke2 Ra2 32. g4
g5 33. Kd1 h6 34. Rb6 Rb2 35. Rxd6 Kg7 36. Rxa6 Rxb4 37. Kxd2 Rb3 38. Re6 Rxh3
39. a6 h5 40. gxh5 Rxh5 41. Kc3 Kf7 42. a7 Rh8 43. Ra6 Ra8 44. Kc4 g4 45. Kb5
g3 46. Kb6 g2 47. Ra1 Rg8 48. Rg1 Kf6 49. Rxg2 Rxg2 50. a8=Q Rg6 51. Kc5 Kg7
52. Kd5 Rg5+ 53. Ke6 Rg6+ 54. Ke7 Kh7 55. Qa1 Kg8 56. Qe5 Rg7+ 57. Kf6 Kh7 58.
Qe4+ Kh8 59. Qa8+ Kh7 60. Qe8 Rc7 61. Qe4+ Kh8 62. Qh1+ Kg8 63. Qg2+ 1-0

[Event "DMP - III LIGA SZACHOWA SENIOROW PK 2016"]
[Site "Czudec"]
[Date "2016.??.??"]
[Round "2.20"]
[White "Fistek, Dariusz"]
[Black "Lewtak, Dominik"]
[Result "0-1"]
[WhiteElo "2239"]
[BlackElo "2065"]
[Annotator "Szachy"]
[PlyCount "90"]
[EventDate "2016.??.??"]

1. d4 {[%emt 0:00:00]} d5 {[%emt 0:00:00]} 2. c4 {[%emt 0:00:00]} c6 {[%emt 0:
00:04]} 3. Nf3 {[%emt 0:00:00]} Nf6 {[%emt 0:00:03]} 4. Nc3 {[%emt 0:00:00]} e6
{[%emt 0:00:00]} 5. e3 {[%emt 0:00:00]} Nbd7 6. Qc2 Bd6 7. Bd3 dxc4 8. Bxc4 e5
9. O-O O-O 10. e4 exd4 11. Nxd4 Ne5 12. Be2 Neg4 13. Nf3 Qc7 14. h3 Nh2 15. Rd1
Nxf3+ 16. Bxf3 Re8 17. Be3 Bh2+ 18. Kh1 Bf4 19. Qd2 Bxe3 20. Qxe3 Bf5 21. Rd4
Bg6 22. Rad1 h6 23. g3 b5 24. b4 a5 25. a3 axb4 26. axb4 c5 27. bxc5 Qxc5 28.
R1d3 b4 29. Nd5 Nxd5 30. Rxd5 Qxe3 31. Rxe3 Reb8 32. Rdd3 Ra1+ 33. Kg2 f6 34.
Bd1 Kf8 35. Bb3 Ra3 36. Bd5 Rxd3 37. Rxd3 Bf7 38. Kf3 Bxd5 39. exd5 b3 40. Rd1
b2 41. Rb1 Ke7 42. Ke4 Kd6 43. Kd4 Rb5 44. Kc4 Rc5+ 45. Kb4 Rc2 0-1

[Event "DMP - III LIGA SZACHOWA SENIOROW PK 2016"]
[Site "Czudec"]
[Date "2016.??.??"]
[Round "2.21"]
[White "Mis, Mieszko"]
[Black "Muc, Marcin"]
[Result "1/2-1/2"]
[WhiteElo "2069"]
[BlackElo "2128"]
[Annotator "Szachy"]
[PlyCount "52"]
[EventDate "2016.??.??"]

1. g3 {[%emt 0:00:00]} Nf6 2. Bg2 d5 3. Nf3 c5 4. O-O Nc6 5. d3 b6 6. e4 e6 7.
Nc3 Bb7 8. Re1 Be7 9. e5 Nd7 10. h4 a6 11. Bf4 Qc7 12. Bh3 Na5 13. Ng5 Bxg5 14.
hxg5 Nf8 15. g4 Ng6 16. Bg3 h6 17. gxh6 Rxh6 18. Bg2 O-O-O 19. f4 Nh4 20. Bh1
Rdh8 21. Kf2 Nc6 22. Ne2 Ne7 23. d4 Kb8 24. Qd2 Nc6 25. c3 Na5 26. b3 Rc8
1/2-1/2

[Event "DMP - III LIGA SZACHOWA SENIOROW PK 2016"]
[Site "Czudec"]
[Date "2016.??.??"]
[Round "2.22"]
[White "Wozny, Tomasz"]
[Black "Kozak, Antoni"]
[Result "0-1"]
[WhiteElo "1758"]
[BlackElo "1932"]
[Annotator "Szachy"]
[PlyCount "102"]
[EventDate "2016.??.??"]

1. d4 {[%emt 0:00:00]} Nf6 {[%emt 0:00:00]} 2. Nf3 {[%emt 0:00:05]} e6 3. c4 c5
4. e3 d5 5. Nc3 Nc6 6. cxd5 exd5 7. Be2 a6 8. O-O Bd6 9. dxc5 Bxc5 10. a3 O-O
11. b4 Bd6 12. Bb2 Re8 13. Rc1 Bg4 14. h3 Bh5 15. Nd4 Bxe2 16. Ncxe2 Ne5 17.
Nf5 Bf8 18. Qd4 g6 19. Nfg3 Bg7 20. Ba1 Qd7 21. Kh1 Nc4 22. Qd3 b5 23. Rfd1 h5
24. Bxf6 Bxf6 25. Nc3 d4 26. exd4 Nb2 27. Qf3 Nxd1 28. Rxd1 Bg7 29. Nce4 Rad8
30. d5 h4 31. Nc5 Qe7 32. Nf1 Bf8 33. Ne3 Qg5 34. Nxa6 Bd6 35. Nc5 Qe5 36. Nf1
Re7 37. Qg4 Bxc5 38. bxc5 Rxd5 39. Rxd5 Qxd5 40. Qb4 Qc6 41. Ne3 Re5 42. Qxh4
Rxc5 43. Ng4 Rc1+ 44. Kh2 Qd6+ 45. g3 Qc6 46. Qd8+ Kg7 47. Qd4+ f6 48. Qa7+ Kf8
49. Qb8+ Ke7 50. Qa7+ Kd8 51. Qd4+ Kc8 0-1

[Event "DMP - III LIGA SZACHOWA SENIOROW PK 2016"]
[Site "Czudec"]
[Date "2016.??.??"]
[Round "2.23"]
[White "Szpar, Milosz"]
[Black "Krzywon, Leszek"]
[Result "1-0"]
[WhiteElo "1956"]
[BlackElo "1838"]
[Annotator "Szachy"]
[PlyCount "61"]
[EventDate "2016.??.??"]

1. e4 {[%emt 0:00:00]} g6 {[%emt 0:00:00]} 2. d4 Bg7 3. Nc3 d6 4. Be3 e6 5. Qd2
b6 6. O-O-O Bb7 7. f3 Nd7 8. Nge2 a6 9. g4 Qe7 10. h4 h5 11. g5 O-O-O 12. Bh3
Kb8 13. Rhe1 Qf8 14. Ng3 Ka7 15. f4 Nb8 16. Rf1 Qe8 17. f5 exf5 18. exf5 gxf5
19. Nxf5 Bf8 20. Rde1 Rd7 21. d5 Ne7 22. Bd4 Rg8 23. Bf6 Qd8 24. Qe2 Bc8 25.
Nh6 Bxh6 26. gxh6 Qf8 27. Bxd7 Nxd7 28. Qxe7 Qxh6+ 29. Bg5 Qg6 30. Qxf7 Qxf7
31. Rxf7 1-0

[Event "DMP - III LIGA SZACHOWA SENIOROW PK 2016"]
[Site "Czudec"]
[Date "2016.??.??"]
[Round "2.24"]
[White "Wolowiec-musial, Malgorzata"]
[Black "Cyboran, Katarzyna"]
[Result "0-1"]
[WhiteElo "1857"]
[BlackElo "1823"]
[Annotator "Szachy"]
[PlyCount "50"]
[EventDate "2016.??.??"]

1. d4 {[%emt 0:00:00]} e6 2. c4 f5 3. Nc3 Nf6 4. g3 c6 5. Nf3 d5 6. c5 b6 7. b4
a5 8. Qa4 Bb7 9. Ne5 Nfd7 10. Nd3 Na6 11. b5 Nb4 12. Nxb4 axb4 13. Qxb4 bxc5
14. dxc5 Bxc5 15. Qb3 Qb6 16. e3 Ne5 17. Be2 cxb5 18. Qxb5+ Qxb5 19. Bxb5+ Kf7
20. O-O Ng6 21. Kg2 d4+ 22. Ne4 Ba7 23. Rd1 Rhd8 24. exd4 Bxe4+ 25. Kf1 Rd5 0-1

[Event "DMP - III LIGA SZACHOWA SENIOROW PK 2016"]
[Site "Czudec"]
[Date "2016.??.??"]
[Round "2.25"]
[White "Lach, Ireneusz"]
[Black "Lewicki, Miroslaw"]
[Result "0-1"]
[WhiteElo "1984"]
[BlackElo "2319"]
[Annotator "Szachy"]
[PlyCount "72"]
[EventDate "2016.??.??"]

1. e4 {[%emt 0:00:00]} c5 2. Nf3 d6 3. d4 cxd4 4. Nxd4 Nf6 5. Bd3 Nc6 6. Nxc6
bxc6 7. O-O g6 8. Nc3 Bg7 9. Qe2 O-O 10. Kh1 Rb8 11. Rb1 Ng4 12. Bd2 d5 13. f4
d4 14. Nd1 c5 15. b3 e5 16. Nf2 Nxf2+ 17. Qxf2 exf4 18. Bxf4 Rb6 19. Qg3 Re6
20. Rbe1 Ba6 21. h3 Qd7 22. Qf2 Rfe8 23. Qd2 Bb7 24. Qa5 Bxe4 25. Bxe4 Rxe4 26.
Rxe4 Rxe4 27. Qxc5 h5 28. Bb8 a6 29. Rd1 Re3 30. Bh2 Qe6 31. Qa5 Re2 32. Qd8+
Kh7 33. Bg1 Rxc2 34. Qg5 Qe2 35. Rc1 d3 36. Be3 d2 0-1